Intervalová reprezentácia nádorových genómov ako nástroj na určenie optimálnej liečby
Salvato in:
| Autore principale: | |
|---|---|
| Altri autori: | |
| Natura: | Manoscritto Libro |
| Lingua: | slovacco inglese |
| Pubblicazione: |
2022
|
| Soggetti: | |
| Accesso online: | http://is.stuba.sk/zp/portal_zp.pl?podrobnosti=148527 |
| Tags: |
Nessun Tag, puoi essere il primo ad aggiungerne!!
|
MARC
| LEADER | 00000ntm a22000003a 4500 | ||
|---|---|---|---|
| 001 | stuzp88078 | ||
| 003 | SK-STU | ||
| 005 | 20220625211000.5 | ||
| 007 | ta | ||
| 008 | 150427s2015----xo-----f-mn---000-0-slo-d | ||
| 040 | |a STU |b slo | ||
| 041 | 0 | |a eng | |
| 100 | 1 | |a Puškáč, Leonard |u 070200 |4 aut |U FIIT Fakulta informatiky a informačných technológií |T FIIT Ústav informatiky, informačných systémov a softvérového inžinierstva |X 97017 |U I200 |Y 179 |7 97017 | |
| 242 | 0 | 1 | |a Intervalová reprezentácia nádorových genómov ako nástroj na určenie optimálnej liečby |y slo |
| 245 | 1 | 0 | |a Intervalová reprezentácia nádorových genómov ako nástroj na určenie optimálnej liečby |
| 260 | |c 2022 | ||
| 650 | 4 | |a Nadorové genómy |2 slo | |
| 650 | 4 | |a PARPi liečba |2 slo | |
| 650 | 4 | |a Analýza genómu |2 slo | |
| 650 | 4 | |a PARPi Treatment |2 eng | |
| 650 | 4 | |a Genome analysis |2 eng | |
| 650 | 4 | |a Tumor genomes |2 eng | |
| 700 | 1 | |a Kováč, Michal |u 070200 |k Z1 |4 ths |U FIIT Fakulta informatiky a informačných technológií |T FIIT Ústav informatiky, informačných systémov a softvérového inžinierstva |X 110756 |U I200 |Y 179 |7 110756 | |
| 856 | 4 | |u http://is.stuba.sk/zp/portal_zp.pl?podrobnosti=148527 | |